Hochzusammenhangende mannigfaltigkeiten und ihre Rander
Αποθηκεύτηκε σε:
| Κύριος συγγραφέας: | |
|---|---|
| Μορφή: | Βιβλίο |
| Γλώσσα: | German |
| Δημοσίευση: |
Berlin :
Springer-Verlag,
c1985
|
| Σειρά: | Lecture notes in mathematics
; 1116 |
| Θέματα: | |
| Ετικέτες: |
Προσθήκη ετικέτας
Δεν υπάρχουν, Καταχωρήστε ετικέτα πρώτοι!
|
MARC
| LEADER | 00000nam a2200000 i 4500 | ||
|---|---|---|---|
| 001 | 1/62522 | ||
| 008 | 941103s1985 ger d | ||
| 020 | |a 3-540-15209-1 | ||
| 035 | |a 1993 |l 10046631 | ||
| 040 | |a GR-MY-UA |b gre |e aacr | ||
| 041 | 0 | |a ger | |
| 082 | 0 | |a 514.72 | |
| 100 | 1 | |a Stolz, Stephan. | |
| 245 | 1 | 0 | |a Hochzusammenhangende mannigfaltigkeiten und ihre Rander / |c Stephan Stolz |
| 260 | |a Berlin : |b Springer-Verlag, |c c1985 | ||
| 300 | |a xxiii, 133 p.; |c 25 cm. | ||
| 490 | 1 | |a Lecture notes in mathematics |v ; 1116 | |
| 500 | |a "Subseries: Mathematisches Institut der Universiteat und Max-Planck-Institut Feur Mathematik, Bonn--vol 6." | ||
| 500 | |a Includes bibliographical references and index | ||
| 650 | 0 | 0 | |a Cobordism theory. |
| 650 | 0 | 0 | |a Differentiable manifolds. |
| 852 | |a INST |b SAMOS |e 19941103 |h 514.72 STO |p 005300006980 |q 005300006980 |t BK |y 0 | ||
| 909 | |a Σ |b 029004 | ||